000 02330aam a2200313 i 4500
999 _c46549
_d46549
001 768714001
003 CO-MdFUSB
005 20200520152047.0
007 ta
008 200520t1953 enka|||| |||| 00| 0 eng d
020 _a[No incluye ISBN]
040 _bspa.
_aCO-MdFUSB
_cCO-MdFUSB
_dCO-MdFUSBC
_erda
041 _aeng
082 _223
_a270.2
_bS467
100 _aSellers, Robert Victor
_eautor
245 1 4 _aThe council of Chalcedon :
_ba historical and doctrinal survey
_c/ Robert Victor Sellers
264 1 _aLondres :
_bSPCK,
_c[1953]
264 4 _c© 1953
300 _axviii, 361 páginas
_c; 23 cm
336 _atexto
_btxt
_2rdacontent
337 _2rdamedia
_asin mediación
_bn
338 _2rdacarrier
_avolumen
_bnc
505 _aParte I: El trasfondo del Concilio de Calcedonia - El trasfondo histórico: Eventos que condujeron al Concilio de Calcedonia - El cisma en el Este después del Concilio de Éfeso (431) y la 'moderación' de Cirilo de Alejandría - La lucha de Dioscoro en nombre de la ortodoxia alejandrina y su triunfo en el Segundo Concilio de Éfeso (449) El comienzo del ataque de Dioscoro contra la Sede de Antioquía - El caso de Ibas de Edesa - - El caso de Eutiques - El Segundo Concilio de Éfeso - La reacción después del Segundo Concilio de Éfeso y el Concilio de Calcedonia (451) - La reacción después del Segundo Concilio de Éfeso - El Concilio de Calcedonia - Sección II: El trasfondo doctrinal: pensamiento cristológico anterior - El pensamiento cristológico de la escuela de Alejandría - II. El pensamiento cristológico de la escuela de Antioquía - El pensamiento cristológico de Occidente - Parte II: La definición calcedonia de la fe - I. Los documentos de Calcedonia - La Definitio Fidei - El Tomo del Papa León - II . La crítica y defensa de la fe calcedonia: La controversia entre los monofisitas y los calcedonios antes de la llegada de Justiniano - III. La aclaración de la fe calcedonia: el trabajo de los calcedonios en la era de Justiniano - La aclaración de la doctrina calcedonia de la unidad de la persona de Jesucristo - La aclaración de la doctrina calcedonia de las dos naturalezas de Jesucristo.
563 _aPasta dura
650 0 _9159
_aTeología doctrinal
_xHistoria
942 _cBK
945 _aJTF-925